000 01009nmm a2200265 a 4500
001 ocm000746580
003 TR-IsHL
005 20201028153544.0
008 140402s2007 tu tur
007 cr cn
020 _a9789944905411
035 _a746580
_b(N$T)
050 0 4 _aNA4101
_b.S66 2007
090 0 4 _aNA4101
_b.S66 2007
245 1 0 _aSon devir Osmanlı hastahaneleri, fotoğraf ve planlar =
_bLast period Ottoman hospitals, photographs and plans
_h[electronic resource] /
_chaz. Osman Doğan
260 _aİstanbul :
_bÇamlıca Basım Yayın,
_c2007
300 _a280 p.
650 4 _aMimarlık ve Tasarım
650 4 _aArchitecture and Design
650 0 _aHastaneler
_x Tasarım ve yapım
_x Türkiye
650 0 _aHospitals
_x Design and construction
_x Turkey
650 7 _aARCHITECTURE / Buildings / Public, Commercial & Industrial
_2bisacsh
700 1 _aDoğan, Osman
856 4 0 _uhttp://search.ebscohost.com/login.aspx?direct=true&scope=site&db=e011xww&AN=746580
999 _c12108
_d12108